[Event "Chelyabinsk variation - 3"]
[Site "Pamplona ESP"]
[Date "1998.12.29"]
[Round "3"]
[White "Xie, Jun"]
[Black "Sutovsky, Emil"]
[Result "0-1"]
[WhiteElo "2510"]
[BlackElo "2575"]
[EventDate "1998.12.27"]
[Annotator "Rogozenko"]

1. e4 c5 2. Nf3 Nc6 3. d4 cxd4 4. Nxd4 Nf6 5. Nc3 e5 6. Ndb5 d6 7. Bg5 a6 
8. Na3 b5 9. Nd5 Be7 10. Bxf6 Bxf6 11. c3 Rb8 12. Nc2 O-O 13. a3 {Lanka's 
idea. This in many positions useful move prepares Ncb4, in some lines it 
prevents Black's advance b5-b4. However, the practice has shown that Black
is able to solve the opening problems.} ( 13. h4 Be7!? 14. a3 Kh8 15. Bd3 
Be6 16. Ncb4 Nxb4 17. axb4 Ra8 18. Bc2 Ra7 19. g3 Qd7 20. O-O Bd8 =, quiet
{Nisipeanu - Rogozenko, Hamburg 98} ) 13. ... Bg5!? {Not trying to prevent
the Nc2-b4 maneuver, Black prepares the usual play against white 
d5-knight, that is associated with re-grouping Bc8-b7 and Nc6-e7 } ( 
13. ... a5 14. h4 ( 14. Bd3!? ) 14. ... Ne7 15. Nce3 Nxd5 16. Nxd5 Be6 17.
 g3 Qd7 18. Bg2 Bd8 =, quiet {Kasparov-Kramnik, Moskow PCA rapid 94} ) 14.
 Ncb4 {Now Black is definetely OK. With the Bishop on c8 this move is 
pointless, because of the answer Bb7. But it seems that Black has a very 
pleasant position anyway.} ( {In case of the aggressive} 14. h4 Bh6 15. g4
( 15. Bd3 Be6 ( 15. ... Ne7 16. Nxe7+ Qxe7 17. Nb4 Bb7 18. Bc2 += ) 16. 
Ncb4 Nxb4 17. Nxb4 ( 17. axb4 Bxd5 18. exd5 ~ ) 17. ... Qb6 18. Bc2 ~ ) 
15. ... Bf4 16. Qf3 Be6 17. Nxf4 exf4 18. Qxf4 Ne5 {Black obtains rich 
play as a compensation for his sacrificed pawn)} ) ( 14. g3 a5 15. Bg2 Ne7
16. h4 Bh6 17. Nce3 Bxe3 18. Nxe3 Be6 19. O-O Qb6 20. Qd3 Rfd8 21. Rfd1 h6
22. Bf3 Bb3 23. Rd2 {and Black has no particular problems,1/2-1/2, Rausis 
Igors 2515 - Vaisser Anatoly 2555 , Las Palmas 1995 It (open)} ) 14. ... 
Bb7 =, quiet 15. g3?! ( 15. Bd3 Na5!? ~ ( 15. ... a5 16. Nxc6 Bxc6 17. Bc2
Qd7 18. O-O Bd8 =, quiet ) ) ( 15. Be2 a5 16. Nxc6 Bxc6 17. O-O Qd7 
=, quiet ( 17. ... b4 =, quiet ) ) 15. ... a5 16. Nxc6 Bxc6 17. h4 Bh6 18.
 Bh3 b4! â†‘ {Creating counterplay on the Q-side is a useful prelude to 
transferring the game into a position with the bishops of opposite colors 
after the exchange on the d5-square 

White's Bishop looks totally misplaced on h3, naturally Black creates 
counterplay on queenside.} 19. axb4 axb4 20. c4 ( 20. O-O bxc3 21. bxc3 
Rb2 =+ 22. Ra7 Bxd5 ( 22. ... Rd2?? 23. Ne7+ Kh8 24. Nxc6 Rxd1 25. Nxd8 
Rxf1+ 26. Kxf1 Rxd8 27. Rxf7 +/- ) 23. Qxd5 Qf6 {and Black solves all his 
problems by pinning down his opponent with the defence of f2-square} ) 
20. ... Ra8 21. O-O?! {Leads to a pawn structure that is favorable for 
Black} ( 21. Rxa8 Qxa8 22. Ne7+ Kh8 23. Nxc6 Qxc6 24. O-O g6! ( 24. ... 
Qxe4?! 25. Qxd6 g6 26. c5 ) 25. Qd3 Ra8 26. Rd1 Bf8 = ) 21. ... Rxa1 22. 
Qxa1 Bxd5 23. cxd5 ( 23. exd5?! { enhances the mobility of black pawns on 
the K-side} ) 23. ... Qb6 =+ { It turns out that in the ensuing pawn 
structure light squares in the Black camp are vulnerable 

Despite the oposite-coloured Bishops Black has better prospects due to 
weak e4 and b2 pawns.} ( 23. ... Qc7!? {24...Qc2, 24...Qc4) } 24. Re1 ) 
24. Re1?! ( 24. b3 ) ( 24. Rd1!? {xd4} 24. ... Qc5 =+ ) 24. ... Qd4 25. 
Qb1 {Qc2 Rd1} 25. ... b3! 26. Rd1 Bd2! {As usual, bishops of opposite 
color in the middle game serve only to increase the advantage in activity 
for one of the parties } 27. Bf1! Rc8 28. Bd3 ( {Following analysis by 
E.Sutovsky demonstrates that even in the endgame with bishops of opposite 
colors defence would not be easy for White} 28. Qd3 Qxd3 29. Bxd3 Bc1 ( 
29. ... Rc2! 30. Rb1 ( 30. Ra1 g6 31. Kf1 ( 31. Ra8+ Kg7 32. Rb8 Rxb2 33. 
Bc4 Be1! -/+ ) 31. ... Rxb2 32. Rb1 Rxb1+ 33. Bxb1 Bc3 34. Ke2 Bd4 -/+ ) )
30. Ba6! ( 30. Kg2 g6 31. Kf3 Bxb2 32. Rb1 Rc2 -+ ) 30. ... Rc2 31. Rd3 f5
32. exf5 Rxb2 33. Bc4 Kf7 34. Rxb3 = ) 28. ... Qb4!? { This move violates 
the logical course of the game, although in the following (and not quite 
error-free) struggle Black still manages to win } ( {An effective and 
efficient method of developing an attack in a position with bishops of 
opposite colors is} 28. ... Be3!! 29. Ba6! ( 29. Bb5? Bxf2+ 30. Kf1 Qc5 -+
) ( 29. Rf1 Bxf2+! 30. Rxf2 Qe3 -+ ) ( 29. fxe3 Qxe3+ 30. Kg2 Rc2+! 31. 
Kh3 ( 31. Bxc2 Qe2+ 32. Kh3 bxc2 33. Qa1 g5!! -+ ) 31. ... g5!! 32. h5 ( 
32. Bxc2 Qe2! -+ ) ( 32. hxg5 Qxg5 33. Bxc2 Qh5+ 34. Kg2 Qe2+ 35. Kh3 bxc2
36. Qc1 Qh5+! 37. Kg2 cxd1=Q -+ ) 32. ... g4+! 33. Kh4 Rh2+ 34. Kxg4 Rg2 
-+ ) 29. ... Bxf2+ 30. Kf1 Qe3 31. Qd3! ( 31. Bxc8 Bxg3 32. Kg2 Qf2+ 33. 
Kh3 Qh2+ 34. Kg4 h5+! 35. Kg5 Qxh4+ 36. Kf5 g6# ) 31. ... Rb8! 32. Qxe3 
Bxe3 33. Bd3 Ba7! 34. Bc4 Rb4! -/+ { analysis by E.Sutovsky} ) 29. Qa1 g6 
30. Qa6 {White decided not to wait any more. A passive play can become 
dangerous, for example:} ( 30. Qb1 Ra8 31. Kg2 Ra2 32. Kg1 Bh6 33. Bf1 ( 
33. Kg2 Qd4 ) 33. ... Qc5 34. Kg2 Qc2 -+ ) ( 30. Kg2 Rc2 31. Qb1 Qc5 -/+ )
30. ... Rc7 31. Ra1 Bc1 32. Qa8+ ( 32. Qa3 Qxa3 33. Rxa3 Rb7 34. Bc4 Rb4 
35. Bxb3 Bxb2 36. Ra8+ Kg7 37. Bc2 Bd4 38. Ra2 =+ ) 32. ... Kg7 33. Qd8 
Qe1+ 34. Kg2 Rc2! {Using the last chance.} 35. Bxc2 bxc2 36. Ra8 ( 36. 
Qxd6 Qxe4+ 37. f3 Qe2+ 38. Kh3 Bxb2 39. Ra8 Ba3 40. Qxa3 Qf1+ 41. Kh2 c1=Q
42. Qf8+ Kf6 43. Qd6+ =, quiet ) 36. ... Qxe4+ 37. Kh2?? ( 37. f3! { leads
to a draw} 37. ... Qe2+ 38. Kh3 Qf1+ 39. Kh2 Qf2+ 40. Kh3 Qf1+ 41. Kh2 {It
seems Black should force a draw by perpetual here.} 41. ... Qxf3 42. Qf8+ 
Kf6 43. Qxd6+ ) 37. ... Kh6! -+ {This nice move saves Black from 
perpetual.} 38. Rc8! ( 38. Qf8+ Kh5 39. Qxf7 Bh6 -+ 40. Rc8 c1=Q 41. Rxc1 
Bxc1 42. f3 Qe2+ 43. Kh3 Qf1+ 44. Kh2 h6 45. Qf6 Bf4! 46. gxf4 Qf2+ 47. 
Kh1 Qxf3+ 48. Kg1 exf4 -+ ) 38. ... Bd2 39. Qf8+? ( 39. Qxd6! Qf5! ( 
39. ... c1=Q 40. Qf8+ Kh5 41. Rxc1 Bxc1 42. Qxf7 Qf5 43. Qxh7+ Kg4 44. Qa7
Bxb2 45. Qe3 Bc1! 46. Qe2+ Qf3 47. Qc4+ e4 48. Qc8+ Kh5 49. Qxc1 Qxf2+ 50.
 Kh3 Qf5+ 51. Kg2 Qf3+ 52. Kh2 Qf2+ 53. Kh3 = ) 40. Rxc2 Qxf2+ 41. Kh1 
Qxg3 42. Qf8+ Kh5 43. Qxf7 Qh3+ 44. Kg1 Be3+ 45. Rf2 h6! 46. Qf6! ( 46. d6
Qg4+ 47. Kh1 Bxf2 48. Qxf2 Qd1+ 49. Kg2 Qxd6 -/+ ) 46. ... Bxf2+ 47. Kxf2 
Qh2+ 48. Ke3 Qxb2 -/+ {- shown by E.Sutovsky)} ) 39. ... Kh5 40. Qxf7 c1=Q
41. Qxh7+ Kg4 {Black not only runs away from perpetual, he creates his own
threats!} 42. Rxc1 Bxc1 43. h5 Qe2 44. Qxg6+ ( 44. Qf7 Kxh5 -+ ) 44. ... 
Kf3 45. Qf7+ Bf4! 46. Qa7 Bxg3+ 0-1

[Event "Chelyabinsk variation - 4"]
[Site "Manila olm"]
[Date "1992.06.??"]
[Round "4"]
[White "Zapata, A."]
[Black "Shirov, Alexei"]
[Result "0-1"]
[WhiteElo "2515"]
[BlackElo "2655"]
[EventDate "1992.??.??"]
[PlyCount "94"]

1. e4 c5 2. Nf3 e6 3. d4 cxd4 4. Nxd4 Nf6 5. Nc3 Nc6 6. Ndb5 d6 7. Bf4 e5 
8. Bg5 a6 9. Na3 b5 10. Nd5 Be7 11. Bxf6 Bxf6 12. c3 Bb7 13. Nc2 Nb8!? {GM
B.Gurgenidze's original idea in the spirit of the G.Breyer System in the 
Ruy Lopez. Black transfers his knight to a flexible d7-stand, where the 
new prospects of influencing the enemy bases in the center get opened up 
before it. } 14. a4 { Quick undermining of the oppponent's queenside is 
one of the main white ideas in the Cheliabinsk Variation } ( {An immediate
raid of the enemy mounted troops is not dangerous for Black} 14. Nce3 Nd7 
15. Nf5 O-O! 16. Nxd6 Bxd5 17. exd5 ( 17. Qxd5 Nb6 18. Qd3 g6! ) 17. ... 
Nb6 18. Ne4 Nxd5 = ) ( {(In case of leisurely development Black achieves 
equilibrium quite comfortably } 14. g3 Bg5 15. Bg2 O-O 16. O-O Nd7 17. Kh1
Nb6 18. Nxb6 Qxb6 19. Nb4 Qc5 20. Nd5 Bxd5 21. Qxd5 Qxd5 22. exd5 Rab8 { 
Sulypa Alexandre 2434 - Nunn John D M 2598 , France 1999 Ch France (team) 
1999} ) 14. ... bxa4 15. Nce3 Nd7 ( {An attempt to clutch at the a4-pawn 
by way of } 15. ... Bc6 {allows White to develop his initiative } 16. Nf5 
O-O 17. Bc4! +/- ) 16. Qxa4 O-O 17. Rd1 Bg5 18. Qc2 Nc5 ( {As A.Shirov 
points out, Black could have directed his knight via another route as well
} 18. ... Bxe3 19. Nxe3 Nf6!? ( 19. ... Nc5 20. Bd3 += ) 20. Bd3 Qc7 21. 
O-O Rfd8 -/+ { a5 xe4} ) 19. Nf5 { White manages to hide his e3-knight 
from an exchange and to create the tension around the d6-square } ( {Less 
successful is} 19. Nc4? Bc6 20. b3 Rb8 -/+ ) ( 19. Bd3 Bc6 20. Ra1 Bxe3 
21. Nxe3 Qh4 22. O-O Bxe4 23. Bxe4 Qxe4 =+ ) 19. ... g6 20. b4! ( 20. Ng3 
Ne6 = ) ( 20. h4!? gxf5 21. hxg5 Bxd5 ( 21. ... Nxe4? 22. Nf6+! Nxf6 23. 
Qxf5 Be4 24. Qxf6 +/- ) 22. Rxd5 Nxe4 23. Bd3 Qxg5 24. Bxe4 fxe4 25. Qxe4 
f5 26. Qc4 Kh8 27. Rxd6 Qxg2 28. Rdh6 Ra7 29. Qh4 Qg8! =+ ) 20. ... Bxd5 (
20. ... Ne6? 21. Nxd6 +/- ) ( 20. ... gxf5 21. bxc5 Rc8 22. h4! Bh6 23. 
cxd6 +/- ) 21. Rxd5 ( 21. bxc5? Be6! 22. h4 Bf6 23. Nxd6 Qc7 -/+ ) 21. ...
 Nb7 22. h4 Bf6 23. Nh6+ Kg7 24. Ng4 {White position appears obviously 
better in view of the b7-knight's unfortunate location. However Black 
manages to create timely counterplay exploiting a certain lag in the 
mobilization of the opponent's K-side } 24. ... a5! 25. Be2 axb4 26. cxb4 
Ra1+ {Activity above all!} ( {After winning a pawn Black is left in a 
strategically difficult situation} 26. ... Bxh4 27. O-O +/- ) 27. Bd1?! { 
The active opponent rook should have been exchanged } ( 27. Rd1 {promises 
a slight advantage to White} 27. ... Rxd1+ 28. Qxd1 h5 29. Ne3! ( 29. Nxf6
Qxf6 30. g3 Nd8! 31. b5 Ne6 32. Qxd6 Ra8! 33. O-O Nd4 34. Qxf6+ Kxf6 35. 
Bd3 Ra3 36. Rd1 Rb3 = ) 29. ... Qd7 30. Nd5 += ) 27. ... Qc8! =+ {Exchange
of the queens allows Black to unexpectedly overtake the initiative due to 
dramatic activation of his rooks } 28. Ne3!? ( 28. Qxc8 Rxc8 29. Nxf6 Kxf6
30. O-O Ke7 =+ {Nd8} ) 28. ... Qxc2 29. Nxc2 Rb1 30. Kd2 Rc8 31. Rh3 Rc4! 
32. Kd3 Rc7 33. Kd2 Nd8! -/+ {Black knight, quite recently a main burden 
for his own army, heads for d4, increasing black offensive potential 
sharply } 34. Be2 ( 34. Rxd6 Ne6 {Be7 Nf4} ) 34. ... Ne6 35. Rc3 Rxc3 36. 
Kxc3 Nf4 37. Rd2 Nxg2 38. Bd1! ( 38. b5 Bxh4 39. Na3 Rc1+ 40. Kb2 Rc8 -+ )
38. ... Bxh4 39. Na3 Rc1+ 40. Nc2 Bg5 41. Rxd6 h5 {The passed pawn on the 
h-file decides the outcome of the struggle in Black's favor } 42. b5? ( 
42. Kb2 h4 43. Bg4 Rf1! 44. b5 Rxf2 45. b6! Ne3 46. b7 Rxc2+ 47. Kb1 Rc4! 
48. b8=Q Nxg4 { h3-h2-h1Q} 49. Qb3 Rxe4 -+ ) 42. ... h4 43. b6 h3 44. b7 
h2 45. b8=Q h1=Q -+ 46. Rd7 Qe1+ 47. Kb2 Qxe4 0-1

[Event "Chelyabinsk variation - 4"]
[Site "Madrid ESP"]
[Date "1998.05.20"]
[Round "4"]
[White "Leko, Peter"]
[Black "Illescas Cordoba, Miguel"]
[Result "1/2-1/2"]
[WhiteElo "2670"]
[BlackElo "2600"]
[EventDate "1998.05.11"]
[Annotator "Rogozenko"]

1. e4 {Manor,I} 1. ... c5 2. Nf3 Nc6 ( 2. ... e6 {Manor,I} 3. d4 cxd4 4. 
Nxd4 Nf6 5. Nc3 Nc6 6. Ndb5 d6 7. Bf4 e5 8. Bg5 a6 9. Na3 b5 10. Nd5 Be7 
11. Bxf6 Bxf6 12. c3 Rb8 13. Nc2 Bg5 14. a4 bxa4 15. Ncb4 Bd7 16. Bxa6 
Nxb4 17. Nxb4 Qa5 18. Qd5 Qxd5 19. exd5 O-O 20. O-O e4 21. Ra2 Rb6 22. Be2
f5 23. Bd1 Bb5 24. Rxa4 Bxa4 25. Bxa4 Ra8 26. Bc6 Ra7 27. g3 {
Wallace,J-Rogozenko,D/Budapest FS05 GM 1995/ 0-1 (61)} ) 3. d4 cxd4 4. 
Nxd4 Nf6 5. Nc3 e5 6. Ndb5 d6 7. Bg5 a6 8. Na3 b5 9. Nd5 Be7 10. Bxf6 Bxf6
11. c3 Rb8 12. Nc2 Bg5 {With such move order Black tries to avoid both 
h2-h4 and a2-a4. However, the practice has shown that 13.a4 here is the 
strongest move anyway.

A conceptual move order. By postponing his castling for some time, Black 
manages to activate his dark-squared bishop and to counteract the a2-a4 
advance } 13. a4! {The only way to fight for advantage.  The most 
principled continuation. White attacks his opponent's Q-side despite 
presence of the black rook on b8 } ( 13. a3 a5?! ( 13. ... O-O 14. h4 ( 
14. Ncb4 Bb7 =, quiet {/\a5.} ) ( 14. Bd3 Be6 ( 14. ... Ne7 15. Nxe7+ Qxe7
16. Nb4 Bb7 17. Bc2! += ) ) 14. ... Bh6 15. g3 a5 16. Bg2 ( 16. Bh3 Be6 ) 
( 16. b4 Ne7 ) ( 16. Bd3 Ne7 17. Nxe7+ Qxe7 18. Qe2 f5!? 19. exf5 d5 ~ ) 
16. ... Ne7 =, quiet ) 14. Bd3 O-O 15. Qe2 += {
Nisipeanu-Rogozenko/Bucharest/1995} ) ( 13. Qf3!? Be6 14. Rd1 O-O ( 
14. ... a5 =, quiet ) 15. h4 Bh6 16. g4 Bf4 17. Nxf4 exf4 18. Qxf4 Ne5 =/&
19. Ne3 Bxa2 ( 19. ... b4! 20. c4 b3 21. a3 Qa5+ 22. Rd2 Rfc8 â†‘ ) 20. 
Nf5 Rb6 21. Be2 Re8 22. Rd4 d5 23. exd5 Bxd5? ( 23. ... Bc4! ~ ) 24. O-O 
Qa8 25. Qg5! +/- {Varavin-Rogozenko/Budapest/1995} ) 13. ... bxa4 14. Ncb4
Nxb4 15. Nxb4 ( 15. cxb4 Bd7 16. Bxa6 O-O 17. O-O ( 17. b3 Ra8! =+ {
Schmuter-Sutovskij/ Rishon le Zion/1994} ( 17. ... Ra8 {Manor,I} 18. Bc4 
axb3 19. Bxb3 Bb5 20. h4 Rxa1 21. Qxa1 Bxh4 22. Nc3 Qg5 23. g3 Bxg3 24. 
Kd1 Qg4+ 25. Kc2 Bxf2 26. Qd1 Qg2 27. Nxb5 Bg1+ 28. Kd3 Qxh1 29. Nxd6 Qh3+
30. Kc2 Bd4 {0-1 Shmuter,L-Sutovskij,E/Rishon le Zion 1994} ) ) 17. ... 
Bc6 18. Rxa4! Bxa4 19. Qxa4 g6 20. Qc6 Bd2 21. b5 Ba5 ~ {
Barua-Lalic/Ubeda/1998} ) 15. ... Bd7 ( 15. ... Bb7? 16. Qxa4+ Qd7 17. f3 
Qxa4 18. Rxa4 O-O 19. Bxa6 Bxa6 20. Rxa6 Bc1 21. Kd1! Be3 22. Kc2 +- {
Ahn,M-Jelen,I/EU-chJM U18/1992} ) ( 15. ... O-O {Manor,I} 16. Nc6 Qb6 17. 
Nxb8 Qxb2 18. Be2 Qxc3+ 19. Kf1 Be6 20. h4 Bh6 21. Nxa6 a3 22. g3 a2 23. 
Kg2 Bd2 24. Qa4 Qb2 25. Nc7 Bb3 26. Qb5 Bc3 27. Bc4 Bd4 28. Rhf1 {1-0 
Nunn,J-Borik,O/Dortmund 1979} ) 16. Bxa6 Qa5 ( 16. ... O-O 17. O-O Be7 += 
( 17. ... Be7 {Manor,I} 18. Qe2 Kh8 19. Kh1 g6 20. Rad1 Qe8 21. Rd5 ( 21. 
Qe3 f5 22. exf5 gxf5 23. f4 Bc6 24. Bc4 Be4 25. Bd5 exf4 26. Qxf4 Qg6 27. 
Qg3 Qxg3 28. hxg3 Rf6 29. Rfe1 Rh6+ 30. Kg1 Bd8 31. Bxe4 Bb6+ 32. Kf1 fxe4
33. Rxe4 += {1-0 Jansa,V-Milicevic,P/Kragujevac 1984 (58)} ) 21. ... f5 
22. exf5 gxf5 23. f4 exf4 24. Qf2 Bc6 25. Rd2 Be4 =+ {0-1 
Chandler,M-Simic,R/Rakovica 1982 (45)} ) ) 17. Qxd6 {White is practically 
forced to accept the offer of d6-pawn, which leads to activation of his 
opponent's dark-squared bishop along the f8-a3 diagonal } ( 17. Be2 Rxb4! 
18. cxb4 Qxb4+ 19. Kf1 O-O {Black obtains an excellent compensation for 
the exchange he has sacrificed} ) 17. ... Rb6 18. Qd3 Be7!? {An important 
novelty. I analysed this move several years ago and I thought it's not 
enough for equality. In my comments I evaluated the position after 20.0-0 
as better for White. Well, this game shows that the position must be very 
close to equal.} ( 18. ... Rxb4? 19. cxb4 Qxb4+ 20. Kf1 Bc6 21. h4 +/- {
Aseev-Volzhin/RUS-ch/Elista/96} ( 21. h4 {Manor,I} 21. ... Bh6 22. Qc2 Qb6
23. Bc4 O-O 24. Rh3 +- {1-0 Aseev,K-Volzhin,A/RUS-ch 1996 (27)} ) ) ( 
18. ... Be6 19. O-O O-O 20. Bc4 Rd8 21. Bd5 ( 21. Nd5 Rxb2 =, quiet ) 
21. ... Be7 22. Qd1! +/- {Belotti-Komarov/Asti/94} ( 22. Qc2 Bxb4 23. Rxa4
Qc5 =, quiet ) ) 19. Nd5 Rxb2 ( 19. ... Rxa6?? 20. Qxa6 Qxa6 21. Nc7+ +- (
21. Nc7+ {Manor,I} 21. ... Kd8 22. Nxa6 Bb5 23. Nb4 +- ) ) 20. O-O ( {
Black play is based on an attractive combinational variation } 20. Nxe7 
$143 Kxe7 21. O-O-O Rhb8! {and, in spite of an extra piece, white king 
gets under a deadly attack)} 22. Qxd7+ Kf8 23. Qd6+ Kg8 â†’ ) 20. ... Qc5 
( 20. ... Bc5? {Manor,I} 21. Qg3 +/- ) ( 20. ... Bg5!? {Manor,I} 21. Qg3 
f6 22. h4 Bh6 ) ( 20. ... Bd8!? {Manor,I} 21. Rab1 Rxb1 ( 21. ... a3 22. 
Rxb2 axb2 23. Rb1 Qa1 24. Bb5! ) 22. Rxb1 O-O ~ ) 21. Rab1 ( 21. Qg3 {
Important move for evaluation of the whole line.} 21. ... O-O 22. Qxe5 Bd6
23. Qd4 ( 23. Qg5? Bxh2+ 24. Kxh2 Qd6+ 25. Kg1 Qxa6 ) ( 23. Qh5 f5 =/& 24.
 Bd3? Rxf2 25. Rxf2 fxe4 â‡„â‡„ ) 23. ... Re8!? 24. Bd3 Bc6 {Black has 
compensation for the pawn, which is probably enough for draw.} ) 21. ... 
Rxb1 ( 21. ... a3 {Manor,I} 22. Rxb2 axb2 23. Rb1 Qa3 24. Bb5 ) 22. Rxb1 
O-O 23. Bb5 ( 23. Rb7 Rd8 24. Bb5 Bxb5 25. Rxb5 ( 25. Qxb5 Qxb5 26. Rxb5 
Bf8 27. Ra5 a3 =, quiet ) 25. ... Qa7 =+ ) ( 23. Qg3 Bc6!? 24. Qxe5 Bxd5 
25. exd5 Bf6 26. Qe4 a3 â†‘ ) 23. ... Be8 {Unusual and interesting move. 
Instead of taking on b5 and improving position of White's pieses, Black 
exchanges the Bishops on e8 and improves the position of his own Rook.} ( 
23. ... Be6 {Manor,I} 24. Bxa4 ( 24. Nxe7+ Qxe7 25. Bxa4 += ) 24. ... Bxd5
25. exd5 += ) ( 23. ... Bxb5 {Manor,I} 24. Rxb5 Qa3 ( 24. ... Qa7 25. Qe3 
Qd7 ( 25. ... Ra8 26. Qxa7 Rxa7 27. Nxe7+ Rxe7 28. Rb8+ ) 26. Ra5 Rb8 27. 
Nxe7+ ( 27. g3 Bf8 28. Kg2 a3 ~ ) 27. ... Qxe7 28. g3 Qd6 29. Qa7 g6 30. 
Rd5 Rb1+ 31. Kg2 Qc6 32. Rxe5 {and a rough equality could have been 
maintained after } 32. ... Rb6 {In the actual game Black lost after a 
blunder} ( 32. ... Qxc3?? 33. Re8+ Kg7 34. Qe7 h5 35. Qf8+ Kh7 36. Re7 ) )
25. g3 ( 25. Ra5 Rb8 26. Nxe7+ Qxe7 27. Rxa4 Qd7! ) 25. ... Ra8 26. Qc4 
Bf8 27. Rb7 â†’ ) 24. Bxe8 Rxe8 25. Rb7 Bg5 ( 25. ... Bf8!? 26. Qg3 Re6 ) 
( 25. ... Bd6 26. Qa6 a3 {1/2-1/2, Motylev Alexander 2651 - Timofeev 
Artyom 2611 , Moscow 26.11.2004 Ch Russia)} ) 26. Qg3 Qa3 27. h4 Qc1+ 28. 
Kh2 Bf4 29. Nxf4 exf4 ( 29. ... Qxf4? 30. Qxf4 exf4 31. Ra7 +/- ) 30. Qd3 
Qe1 31. Qd5 Rf8 32. Qd4 Qe2 33. Ra7 Qg4 34. Qxa4 1/2-1/2